LEADER 01685nam 2200349Ia 450 001 996397061203316 005 20200818212358.0 035 $a(CKB)4940000000061800 035 $a(EEBO)2240894251 035 $a(OCoLC)ocm38875648e 035 $a(OCoLC)38875648 035 $a(EXLCZ)994940000000061800 100 $a19980331d1693 uy | 101 0 $aeng 135 $aurbn||||a|bb| 200 13$aAn explicatory catechism, or, An explanation of the Assemblies Shorter catechism$b[electronic resource] $ewherein all the answers in the Assemblies catechism are taken abroad in under questions and answers, the truths explained, and proved by reason and scripture, several cases of conscience resolved, some chief controversies in religion stated : with arguments aganst divers errors : useful to be read in private families, after examination in the catechism itself, for the more and clear and through understanding of what is therein learned /$fby Thomas Vincent .. 210 $aLondon $cPrinted for Thomas Parkhurst ... D. Newman ... Samuel Sprint ... and Ralph Simpson ...$d1693 215 $a[10], 290 p 300 $aIn question and answer form. 300 $aImperfect: faded, and tightly bound; some loss of text. 300 $aReproduction of original in: Cambridge University Library. 330 $aeebo-0021 606 $aCatechisms, English 615 0$aCatechisms, English. 700 $aVincent$b Thomas$f1634-1678.$01001065 801 0$bEAE 801 1$bEAE 801 2$bWaOLN 906 $aBOOK 912 $a996397061203316 996 $aAn explicatory catechism, or, An explanation of the Assemblies Shorter catechism$92299522 997 $aUNISA LEADER 01222nam0 22003011i 450 001 UON00186928 005 20231205103157.432 010 $a06-311-7937-2 100 $a20030730d1989 |0itac50 ba 101 $aeng 102 $aGB 105 $a|||| 1|||| 200 1 $aˆThe ‰ informational city$einformation tecnhology, economic restructuring, and the urban-regional process$fManuel Castells 210 $aOxford$aCambridge$cBlackwell$d1989 215 $aVIII, 402 p.$d24 cm. 606 $aTecnologia$xSviluppo$xEffetti sociali$3UONC035446$2FI 606 $aTecnologia sviluppo aspetti economici$3UONC034786$2FI 620 $dCambridge$3UONL000022 620 $aGB$dOxford$3UONL000029 676 $a330.9173$cSituazioni e condizioni economiche. Regioni urbane$v21 700 1$aCastells$bManuel$3UONV106857$033899 712 $aBlackwell$3UONV257126$4650 801 $aIT$bSOL$c20251128$gRICA 899 $aSIBA - SISTEMA BIBLIOTECARIO DI ATENEO$2UONSI 912 $aUON00186928 950 $aSIBA - SISTEMA BIBLIOTECARIO DI ATENEO$dSI VII GEO C 0268 $eSI SC 26645 5 0268 996 $aInformational city$9506073 997 $aUNIOR